Statistics for December Birthdays: Picture Edition

Click here to take the quiz!

General Stats

  • This quiz has been taken 90 times
    (45 since last reset)
  • The average score is 19 of 31

Answer Stats

Answer% Correct
Walt Disney
91%
Taylor Swift
84%
Brad Pitt
81%
Britney Spears
81%
Frank Sinatra
81%
Mao Zedong
81%
Ozzy Osbourne
81%
Pope Francis
81%
Judi Dench
78%
Woody Allen
75%
Jake Gyllenhaal
72%
Samuel L. Jackson
72%
Stan Lee
72%
Jay-Z
69%
Nicki Minaj
69%
LeBron James
66%
Jane Austen
63%
King George VI
53%
Ted Cruz
53%
Mary Tyler Moore
50%
John Denver
47%
Emily Dickinson
44%
Gérard Depardieu
44%
Gustave Eiffel
44%
John Kerry
44%
Joseph Smith
44%
Andrew Cuomo
41%
Larry Bird
41%
Howard Hughes
38%
Jimmy Buffett
38%
Jonah Hill
38%

Score Distribution

Percentile by Number Answered

Percent of People with Each Score

Your Score History

You have not taken this quiz since the last reset